Largest Capitals by Percentage of there Country - Statistics

General Stats
  • This quiz has been taken 23 times
  • The average score is 15 of 50
Answer Stats
# Answer % % Correct
49 Dublin 29
65%
19 Kuwait City 39
65%
9 Seoul 50
60%
40 Lima 33
55%
4 Reykjavik 63
55%
33 Santiago 35
55%
7 Montevideo 58
50%
15 Panama City 46
50%
38 Tokyo 33
50%
17 Amman 43
45%
27 Athens 37
45%
26 Santo Domingo 37
45%
42 Vienna 32
45%
6 Beirut 60
40%
29 Buenos Aires 36
40%
24 Doha 38
40%
50 Lisbon 29
40%
11 Asuncion 49
35%
14 Ulaanbaatar 48
35%
31 Copenhagen 36
30%
18 Male 40
30%
16 Manama 44
30%
43 Muscat 31
30%
10 Nassau 49
30%
41 Riga 32
30%
23 San Marino 39
30%
36 San Salvador 34
30%
37 Tallinn 34
30%
44 Vilnius 31
30%
32 Bridgetown 36
25%
35 Budapest 34
25%
25 Paramaribo 38
25%
39 Port of Spain 33
20%
22 San Jose 39
20%
34 Asmara 35
15%
2 Djibouti 66
15%
3 Majuro 64
15%
5 Saint John's 60
15%
46 Sao Tome 30
15%
20 Tbilisi 39
15%
28 Baku 36
10%
47 Dushanbe 29
10%
45 Praia 30
10%
48 Skopje 29
10%
8 Tarawa 52
10%
13 Yerevan 48
10%
30 Basseterre 36
5%
12 Brazzaville 49
5%
21 Monrovia 39
5%
1 Funafuti 70
0%
No matching quizzes found
Score Distribution
Percent of People with Each Score
Percentile by Number Answered
Your Score History
You have not taken this quiz